|
|
|
|
| LEADER |
00000nam0a2200000 4500 |
| 001 |
194575 |
| 005 |
20231031182401.0 |
| 035 |
|
|
|a (RuTPU)RU\TPU\book\212213
|
| 090 |
|
|
|a 194575
|
| 100 |
|
|
|a 20110418d1971 km y0rusy50 ca
|
| 101 |
1 |
|
|a rus
|c eng
|
| 102 |
|
|
|a RU
|
| 105 |
|
|
|a y z 001zy
|
| 200 |
1 |
|
|a Теория непрерывных моделей
|e пер. с англ.
|f Г. Дж. Кейслер, Ч. Ч Чэн
|
| 210 |
|
|
|a Москва
|c Мир
|d 1971
|
| 215 |
|
|
|a 184 с.
|c ил.
|
| 320 |
|
|
|a Библиогр.: с. 173-177.
|
| 320 |
|
|
|a Указатели: с. 178-182.
|
| 610 |
1 |
|
|a непрерывные модели
|
| 610 |
1 |
|
|a теория
|
| 610 |
1 |
|
|a топология
|
| 610 |
1 |
|
|a непрерывная логика
|
| 610 |
1 |
|
|a ультрапроизведения
|
| 675 |
|
|
|a 510.67
|v 3
|
| 700 |
|
1 |
|a Кейслер
|b Г. Дж.
|g Говард Джером
|
| 701 |
|
1 |
|a Чэн
|b Ч. Ч
|g Чень Чунь
|
| 801 |
|
1 |
|a RU
|b 63413507
|c 20110418
|
| 801 |
|
2 |
|a RU
|b 63413507
|c 20191108
|g RCR
|
| 942 |
|
|
|c BK
|